<?xml version="1.0" encoding="UTF-8"?>
<record
    xmlns:xsi="http://www.w3.org/2001/XMLSchema-instance"
    xsi:schemaLocation="http://www.loc.gov/MARC21/slim http://www.loc.gov/standards/marcxml/schema/MARC21slim.xsd"
    xmlns="http://www.loc.gov/MARC21/slim">

  <leader>01048nam2a22002531  4500</leader>
  <controlfield tag="001">RU\NLR\Per\486792</controlfield>
  <controlfield tag="005">20250617142304.0</controlfield>
  <datafield tag="035" ind1=" " ind2=" ">
    <subfield code="a">(NLR Aleph) 002663202</subfield>
  </datafield>
  <datafield tag="090" ind1=" " ind2=" ">
    <subfield code="a">3977420</subfield>
    <subfield code="c">3977420</subfield>
  </datafield>
  <datafield tag="100" ind1=" " ind2=" ">
    <subfield code="a">20070319d2004    |||y0rusy50      ca</subfield>
  </datafield>
  <datafield tag="101" ind1="0" ind2=" ">
    <subfield code="a">rus</subfield>
  </datafield>
  <datafield tag="102" ind1=" " ind2=" ">
    <subfield code="a">RU</subfield>
  </datafield>
  <datafield tag="105" ind1=" " ind2=" ">
    <subfield code="a">y   ||||000|y</subfield>
  </datafield>
  <datafield tag="200" ind1="1" ind2=" ">
    <subfield code="a">&#x428;&#x435;&#x439;&#x43D;&#x434;&#x43B;&#x438; &#x417;&#x43E;&#x43B;&#x43E;&#x442;&#x430;&#x44F; &#x440;&#x443;&#x447;&#x43A;&#x430;</subfield>
    <subfield code="f">&#x421;. &#x411;&#x43E;&#x440;&#x438;&#x441;&#x43E;&#x432;</subfield>
  </datafield>
  <datafield tag="210" ind1=" " ind2=" ">
    <subfield code="d">2004</subfield>
    <subfield code="a">&#x411;. &#x43C;.</subfield>
  </datafield>
  <datafield tag="461" ind1=" " ind2="0">
    <subfield code="1">001RU\NLR\INFOCOMM55\1000013878</subfield>
    <subfield code="1">2001#$a&#x418;&#x441;&#x43A;&#x430;&#x442;&#x435;&#x43B;&#x44C;$e&#x424;&#x430;&#x43D;&#x442;&#x430;&#x441;&#x442;&#x438;&#x43A;&#x430;. &#x41F;&#x440;&#x438;&#x43A;&#x43B;&#x44E;&#x447;&#x435;&#x43D;&#x438;&#x44F;$e&#x41F;&#x440;&#x438;&#x43B;. &#x43A; &#x436;&#x443;&#x440;&#x43D;. &#x426;&#x41A; &#x412;&#x41B;&#x41A;&#x421;&#x41C; "&#x412;&#x43E;&#x43A;&#x440;&#x443;&#x433; &#x441;&#x432;&#x435;&#x442;&#x430;"$v2004, &#x2116; 11 (311)</subfield>
    <subfield code="9">3051412</subfield>
    <subfield code="c">&#x41C;.</subfield>
    <subfield code="d">1961-</subfield>
    <subfield code="n">&#x41C;&#x43E;&#x43B;&#x43E;&#x434;&#x430;&#x44F; &#x433;&#x432;&#x430;&#x440;&#x434;&#x438;&#x44F;</subfield>
    <subfield code="o">&#x424;&#x430;&#x43D;&#x442;&#x430;&#x441;&#x442;&#x438;&#x43A;&#x430;. &#x41F;&#x440;&#x438;&#x43A;&#x43B;&#x44E;&#x447;&#x435;&#x43D;&#x438;&#x44F; : &#x41F;&#x440;&#x438;&#x43B;. &#x43A; &#x436;&#x443;&#x440;&#x43D;. &#x426;&#x41A; &#x412;&#x41B;&#x41A;&#x421;&#x41C; "&#x412;&#x43E;&#x43A;&#x440;&#x443;&#x433; &#x441;&#x432;&#x435;&#x442;&#x430;"</subfield>
    <subfield code="t">&#x418;&#x441;&#x43A;&#x430;&#x442;&#x435;&#x43B;&#x44C;</subfield>
    <subfield code="x">0130-6634</subfield>
    <subfield code="v">2004, &#x2116; 11 (311)</subfield>
  </datafield>
  <datafield tag="700" ind1=" " ind2="1">
    <subfield code="a">&#x411;&#x43E;&#x440;&#x438;&#x441;&#x43E;&#x432;</subfield>
    <subfield code="b">&#x421;.</subfield>
    <subfield code="4">070</subfield>
  </datafield>
  <datafield tag="801" ind1=" " ind2="0">
    <subfield code="a">RU</subfield>
    <subfield code="b">NLR</subfield>
    <subfield code="c">20070319</subfield>
    <subfield code="g">psbo</subfield>
  </datafield>
  <datafield tag="801" ind1=" " ind2="1">
    <subfield code="a">RU</subfield>
    <subfield code="b">NLR</subfield>
    <subfield code="c">20070319</subfield>
    <subfield code="2">rusmarc</subfield>
  </datafield>
  <datafield tag="852" ind1=" " ind2=" ">
    <subfield code="a">NLR</subfield>
    <subfield code="j">&#x41F;19/154</subfield>
  </datafield>
  <datafield tag="942" ind1=" " ind2=" ">
    <subfield code="c">ISSUE</subfield>
  </datafield>
  <datafield tag="980" ind1=" " ind2=" ">
    <subfield code="a">NB</subfield>
  </datafield>
  <datafield tag="980" ind1=" " ind2=" ">
    <subfield code="a">RUSPER</subfield>
  </datafield>
</record>
